Wird geladen...
Land alienation in tribal areas /
Study on the impact of land transfer regulations in Telengana region, Andhra Pradesh.
| 1. Verfasser: | |
|---|---|
| Format: | Printed Book |
| Veröffentlicht: |
Warangal, India :
Kakatiya School of Public Administration,
1987.
|
| Ausgabe: | 1st ed. |
| Schlagworte: |
| LEADER | 00724cam a2200181 a 4500 | ||
|---|---|---|---|
| 082 | |a 307.7 |b JAN/L | ||
| 100 | 1 | |a Janardhan Rao, B. | |
| 245 | 1 | 0 | |a Land alienation in tribal areas / |
| 250 | |a 1st ed. | ||
| 260 | |a Warangal, India : |b Kakatiya School of Public Administration, |c 1987. | ||
| 300 | |a vi, 336 p. ; | ||
| 520 | |a Study on the impact of land transfer regulations in Telengana region, Andhra Pradesh. | ||
| 650 | 0 | |a Land tenure |z India |z Machherla. | |
| 650 | 0 | |a Land tenure |z India |z Katapoor. | |
| 650 | 0 | |a Land tenure |z India |z Chunchupelly. | |
| 942 | |c BK | ||
| 999 | |c 99011 |d 99011 | ||
| 952 | |0 0 |1 0 |4 0 |6 307_700000000000000_JAN_L |7 0 |9 92230 |a SSS |b SSS |c GEN |d 2012-01-24 |l 2 |o 307.7 JAN/L |p SSSMK0531 |r 2015-05-04 |s 2015-03-31 |w 2012-01-24 |y BK | ||